LIBRARY ONLINE CATALOGUE

Distributed database management systems (Record no. 18204)

MARC details
000 -LEADER
fixed length control field 00573nam a22001817a 4500
008 - FIXED-LENGTH DATA ELEMENTS--GENERAL INFORMATION
fixed length control field 200130b xxu||||| |||| 00| 0 eng d
020 ## - INTERNATIONAL STANDARD BOOK NUMBER
International Standard Book Number 8126551040
040 ## - CATALOGING SOURCE
Original cataloging agency KABU
Transcribing agency KABU
050 ## - LIBRARY OF CONGRESS CALL NUMBER
Classification number QA76.9
Item number .D3R34 2010 c. 1
100 ## - MAIN ENTRY--PERSONAL NAME
Personal name Rahimi, Saeed K.
245 ## - TITLE STATEMENT
Title Distributed database management systems
Remainder of title a practical approach
Statement of responsibility, etc. Saeed K. Rahimi, Frank S. Haug
260 ## - PUBLICATION, DISTRIBUTION, ETC. (IMPRINT)
Place of publication, distribution, etc. New Jersey
Name of publisher, distributor, etc. John Wiley & Sons
Date of publication, distribution, etc. 2010
300 ## - PHYSICAL DESCRIPTION
Extent xxxiv, 728 p.
650 ## - SUBJECT ADDED ENTRY--TOPICAL TERM
Topical term or geographic name as entry element Distributed databases
650 ## - SUBJECT ADDED ENTRY--TOPICAL TERM
Topical term or geographic name as entry element Database mangement
700 ## - ADDED ENTRY--PERSONAL NAME
Personal name Haug, Frank S.
942 ## - ADDED ENTRY ELEMENTS (KOHA)
Source of classification or shelving scheme Library of Congress Classification
Koha item type General Collection
Classification part QA76.9
Holdings
Withdrawn status Lost status Source of classification or shelving scheme Not for loan Home library Current library Date acquired Cost, normal purchase price Total Checkouts Full call number Barcode Date last seen Date last checked out Copy number Price effective from Koha item type
    Library of Congress Classification   Kabarak, Main Campus Kabarak, Main Campus 30/01/2020 4983.00 2 QA76.9 .D3R34 2010 c. 1 028146 24/05/2022 11/05/2022 c. 1 30/01/2020 General Collection
    Library of Congress Classification   Kabarak, Main Campus Kabarak, Main Campus 15/07/2020     QA76.9 .D3R34 2010 c. 2 028914 15/07/2020     15/07/2020 General Collection
    Library of Congress Classification   Kabarak, Main Campus Kabarak, Main Campus 15/07/2020     QA76.9 .D3R34 2010 c. 3 028915 15/07/2020     15/07/2020 General Collection